| 000 | 00506nam a2200181Ia 4500 | ||
|---|---|---|---|
| 005 | 20250508152421.0 | ||
| 008 | 008 250505s9999 xx 000 0 eng d | ||
| 037 | _aTextual | ||
| 040 |
_aFEDL _beng _cFEDL |
||
| 041 |
_aeng _2eng |
||
| 084 |
_a811.09, UNG _qFEDL |
||
| 100 | _aUnger Leonard Ed. | ||
| 245 | 0 | _aT. C. Eliot: A selected critique | |
| 260 |
_aNew York, USA _bRinehart and Company _c1948 |
||
| 300 | _axix,478p. | ||
| 942 |
_cTEXL _h811.09, UNG |
||
| 999 |
_c1336286 _d1336286 |
||